[Event "2021 FIDE Online Olympiad"]
[Site "Chess.com"]
[Date "2021.08.27"]
[Round "3.3"]
[White "Taqwa, Hamouri"]
[Black "Samson, Peace"]
[Result "1-0"]
[WhiteElo "1116"]
[BlackElo "1828"]
[PlyCount "113"]
[EventDate "2021.08.27"]
[EventType "team"]
[EventRounds "9"]
[SourceVersionDate "2018.05.14"]
[WhiteTeam "Palestine"]
[BlackTeam "Nigeria"]
[WhiteTeamCountry "PLE"]
[BlackTeamCountry "NGR"]

1. e4 c5 2. Nc3 g6 3. g3 Bg7 4. Bg2 Nc6 5. Nge2 d6 6. d3 Qb6 7. Nd5 Qa5+ 8. Bd2
Qd8 9. c3 e6 10. Ne3 Nf6 11. a4 Ne5 12. Qc2 Qb6 13. f4 Nc6 14. h3 O-O 15. O-O
Bd7 16. Kh2 Na5 17. Be1 Nb3 18. Ra2 Na5 19. b4 cxb4 20. cxb4 Nc6 21. b5 Ne7 22.
Nc4 Qc7 23. Bb4 Nc8 24. e5 Ne8 25. Nxd6 Qxc2 26. Rxc2 Nexd6 27. exd6 Re8 28.
Bxb7 Rb8 29. Bxc8 Rbxc8 30. Rfc1 Rxc2 31. Rxc2 Rc8 32. Rxc8+ Bxc8 33. Nc3 Bxc3
34. Bxc3 Kf8 35. Bf6 Ke8 36. Be7 f5 37. g4 Kf7 38. Kg3 h6 39. d4 Bd7 40. g5 h5
41. h4 Ke8 42. Kf3 a6 43. bxa6 Bxa4 44. Ke3 Kd7 45. Kd2 Bc6 46. Kc3 Kc8 47. Kb4
Kb8 48. Kc5 Bd7 49. Kb6 Ka8 50. Bd8 Kb8 51. a7+ Ka8 52. Bc7 Be8 53. Bb8 Ba4 54.
Kc7 Bb5 55. d7 Bxd7 56. Kxd7 Kb7 57. Kxe6 1-0

[Event "2021 FIDE Online Olympiad"]
[Site "Chess.com"]
[Date "2021.08.27"]
[Round "3.4"]
[White "Ogbiyoyo, Perpetual Eloho"]
[Black "Faqeeh, Rahaf"]
[Result "1-0"]
[WhiteElo "1792"]
[BlackElo "1444"]
[PlyCount "59"]
[EventDate "2021.08.27"]
[EventType "team"]
[EventRounds "9"]
[SourceVersionDate "2018.05.14"]
[WhiteTeam "Nigeria"]
[BlackTeam "Palestine"]
[WhiteTeamCountry "NGR"]
[BlackTeamCountry "PLE"]

1. e4 e6 2. d4 d5 3. Nd2 Nf6 4. e5 Nfd7 5. Bd3 c5 6. c3 Nc6 7. Ne2 Qb6 8. Nf3
cxd4 9. cxd4 Nb4 10. Bb1 Qc7 11. Nc3 a6 12. O-O Nb6 13. a3 Nc6 14. Bd3 Bd7 15.
Bg5 Nc4 16. Qe2 N6a5 17. Rac1 Nb3 18. Rc2 Rc8 19. Bc1 Qb6 20. Bxc4 Rxc4 21. Be3
Be7 22. Nd2 Nxd4 23. Qg4 Nf5 24. Nxc4 Nxe3 25. Nxe3 O-O 26. Rd1 Rc8 27. Rcd2
Bc5 28. Nexd5 Qc6 29. Nf6+ Kf8 30. Nxd7+ 1-0

[Event "2021 FIDE Online Olympiad"]
[Site "Chess.com"]
[Date "2021.08.27"]
[Round "3.5"]
[White "Mohamad, Seder"]
[Black "Okemakinde, Toluwanimi"]
[Result "0-1"]
[WhiteElo "1699"]
[BlackElo "1975"]
[PlyCount "60"]
[EventDate "2021.08.27"]
[EventType "team"]
[EventRounds "9"]
[SourceVersionDate "2018.05.14"]
[WhiteTeam "Palestine"]
[BlackTeam "Nigeria"]
[WhiteTeamCountry "PLE"]
[BlackTeamCountry "NGR"]

1. e4 e5 2. Nf3 Nc6 3. Bb5 f5 4. d3 fxe4 5. dxe4 Nf6 6. O-O d6 7. Nc3 Be7 8.
Bg5 Be6 9. Nd5 O-O 10. Bc4 Bxd5 11. exd5 Nb8 12. Bh4 Ne4 13. Bxe7 Qxe7 14. Re1
Ng5 15. Nxe5 Qf6 16. Nd3 Nd7 17. Qg4 Nb6 18. Bb3 Rae8 19. c4 Qg6 20. Nf4 Rxe1+
21. Rxe1 Rxf4 22. Qg3 Re4 23. Rd1 Nf7 24. Qh3 Re2 25. a4 Qe4 26. Rf1 Re1 27. a5
Qe2 28. g3 Ng5 29. Qg2 Nf3+ 30. Qxf3 Qxf1# 0-1

[Event "2021 FIDE Online Olympiad"]
[Site "Chess.com"]
[Date "2021.08.27"]
[Round "3.6"]
[White "Suleiman Azumi, Ayisha"]
[Black "Sawan, Eman"]
[Result "0-1"]
[WhiteElo "1726"]
[BlackElo "1000"]
[PlyCount "48"]
[EventDate "2021.08.27"]
[EventType "team"]
[EventRounds "9"]
[SourceVersionDate "2018.05.14"]
[WhiteTeam "Nigeria"]
[BlackTeam "Palestine"]
[WhiteTeamCountry "NGR"]
[BlackTeamCountry "PLE"]

1. e4 e5 2. d3 Bc5 3. Nf3 Nc6 4. Nc3 Nf6 5. Be2 d6 6. O-O h6 7. Be3 Bb6 8. a4
O-O 9. Qd2 Nd4 10. b4 Nxe2+ 11. Nxe2 Bg4 12. Nh4 Bxe2 13. Qxe2 Nxe4 14. Bxb6
Nc3 15. Qg4 axb6 16. b5 Qg5 17. Qc4 Ne2+ 18. Kh1 Nf4 19. g3 Ne6 20. Qe4 Nc5 21.
Qb4 f5 22. f4 exf4 23. Rxf4 Qf6 24. Raf1 Rxa4 0-1

[Event "2021 FIDE Online Olympiad"]
[Site "Chess.com"]
[Date "2021.08.27"]
[Round "3.1"]
[White "Oatlhotse, Providence"]
[Black "Blackburn, Jonathan L B"]
[Result "1/2-1/2"]
[WhiteElo "2182"]
[BlackElo "2195"]
[PlyCount "87"]
[EventDate "2021.08.27"]
[EventType "team"]
[EventRounds "9"]
[SourceVersionDate "2018.05.14"]
[WhiteTeam "Botswana"]
[BlackTeam "Wales"]
[WhiteTeamCountry "BOT"]
[BlackTeamCountry "WLS"]

1. Nf3 Nf6 2. g3 g6 3. Bg2 d6 4. O-O Bg7 5. d3 O-O 6. c4 e5 7. Nc3 Nbd7 8. Rb1
Re8 9. Qc2 a5 10. a3 Nb6 11. b4 axb4 12. axb4 e4 13. Nxe4 Nxe4 14. dxe4 Be6 15.
Nd2 Na4 16. Rb3 c6 17. Ra3 Nb6 18. Rd3 Qc7 19. Ba3 c5 20. bxc5 dxc5 21. Rb1 Ra6
22. Rb5 Bf8 23. Bb2 Na4 24. Ba1 Bd7 25. Rb1 Bc6 26. e5 Bxg2 27. Kxg2 Bg7 28. f4
Qc6+ 29. Nf3 Qe4 30. Rc1 Nb6 31. Rd8 Qc6 32. Rd6 Qc7 33. Rcd1 Bf8 34. R6d3 Rea8
35. Bb2 Ra4 36. Nd2 Qc6+ 37. Kg1 Ra2 38. Qb3 Be7 39. Rb1 R8a6 40. Rc1 R2a4 41.
Qc3 Ra2 42. Qb3 R2a4 43. Qc3 Ra2 44. Qb3 1/2-1/2

[Event "2021 FIDE Online Olympiad"]
[Site "Chess.com"]
[Date "2021.08.27"]
[Round "3.2"]
[White "Garcia, Jason"]
[Black "Mosutha, Thuso"]
[Result "0-1"]
[WhiteElo "2067"]
[BlackElo "1949"]
[PlyCount "98"]
[EventDate "2021.08.27"]
[EventType "team"]
[EventRounds "9"]
[SourceVersionDate "2018.05.14"]
[WhiteTeam "Wales"]
[BlackTeam "Botswana"]
[WhiteTeamCountry "WLS"]
[BlackTeamCountry "BOT"]

1. Nf3 Nf6 2. c4 g6 3. b3 Bg7 4. Bb2 d6 5. d4 O-O 6. g3 Nc6 7. d5 Nb4 8. a3 Na6
9. b4 Bd7 10. Bg2 c5 11. dxc6 bxc6 12. O-O c5 13. b5 Nc7 14. a4 Rb8 15. Qc1 a6
16. Nbd2 Re8 17. Rd1 Qc8 18. Ng5 Bg4 19. f3 Bf5 20. e4 Bd7 21. f4 Bg4 22. Ngf3
Bh3 23. Bh1 Qg4 24. Re1 Nh5 25. Bxg7 Nxg3 26. Kf2 Nxh1+ 27. Rxh1 Kxg7 28. Qc3+
Kg8 29. Rhg1 Qxf4 30. Rg3 Bd7 31. h4 e5 32. h5 Ne6 33. hxg6 fxg6 34. Rag1 Nd4
35. Ke1 Kg7 36. Qd3 axb5 37. cxb5 Be6 38. Ng5 Bg8 39. Rf1 Qh4 40. Kd1 Rf8 41.
Rfg1 Qh5+ 42. Ke1 Rf4 43. Ndf3 Rbf8 44. Nxd4 exd4 45. a5 Qh2 46. R3g2 Qh4+ 47.
Rg3 h6 48. Nf3 Rxf3 49. a6 Rxd3 0-1

[Event "2021 FIDE Online Olympiad"]
[Site "Chess.com"]
[Date "2021.08.27"]
[Round "3.3"]
[White "Gabatshwarwe, Refilwe"]
[Black "Chong, Kimberly"]
[Result "1-0"]
[WhiteElo "1667"]
[BlackElo "1790"]
[PlyCount "109"]
[EventDate "2021.08.27"]
[EventType "team"]
[EventRounds "9"]
[SourceVersionDate "2018.05.14"]
[WhiteTeam "Botswana"]
[BlackTeam "Wales"]
[WhiteTeamCountry "BOT"]
[BlackTeamCountry "WLS"]

1. d4 Nf6 2. Bf4 d5 3. e3 c5 4. c3 Nc6 5. Nf3 Bf5 6. dxc5 e5 7. Nxe5 Nxe5 8.
Bxe5 Bxc5 9. Bb5+ Bd7 10. Bxf6 gxf6 11. Bxd7+ Qxd7 12. Nd2 O-O-O 13. Qf3 Qe6
14. Nb3 Bb6 15. O-O-O Kb8 16. Kb1 f5 17. Rhe1 Qe4+ 18. Kc1 Rhg8 19. Rg1 Rg6 20.
Nd4 Bxd4 21. Qxe4 fxe4 22. Rxd4 Rf6 23. Rd2 Kc7 24. Rgd1 Rfd6 25. f3 f5 26. Kc2
Kc6 27. Kb3 exf3 28. gxf3 Re8 29. Rd3 b5 30. a4 bxa4+ 31. Kxa4 Rde6 32. Rxd5
Rxe3 33. Rxf5 Re2 34. Rf6+ R8e6 35. Rxe6+ Rxe6 36. Rd2 Kc5 37. Kb3 Rb6+ 38. Kc2
Rf6 39. Rd7 a5 40. Rxh7 Rxf3 41. Rh5+ Kb6 42. Kb3 Rf4 43. h4 Rg4 44. Ka3 Rg3
45. Rg5 Rh3 46. h5 Ka6 47. Ka4 Rh4+ 48. b4 axb4 49. cxb4 Kb6 50. Rg6+ Kb7 51.
h6 Ka7 52. Ka5 Rh5+ 53. b5 Kb7 54. Rg7+ Kc8 55. h7 1-0

[Event "2021 FIDE Online Olympiad"]
[Site "Chess.com"]
[Date "2021.08.27"]
[Round "3.4"]
[White "Wilson, Julie"]
[Black "Francis, Onkemetse"]
[Result "1/2-1/2"]
[WhiteElo "1826"]
[BlackElo "1726"]
[PlyCount "96"]
[EventDate "2021.08.27"]
[EventType "team"]
[EventRounds "9"]
[SourceVersionDate "2018.05.14"]
[WhiteTeam "Wales"]
[BlackTeam "Botswana"]
[WhiteTeamCountry "WLS"]
[BlackTeamCountry "BOT"]

1. d4 d5 2. c4 e6 3. Nf3 Nf6 4. Bg5 Be7 5. Nc3 Nbd7 6. e3 c6 7. Qc2 O-O 8. Bd3
h6 9. Bh4 dxc4 10. Bxc4 Nd5 11. Bxe7 Qxe7 12. O-O N5f6 13. Rac1 e5 14. dxe5
Nxe5 15. Nxe5 Qxe5 16. Qe2 Ng4 17. g3 Qh5 18. f3 Ne5 19. Bb3 Qf5 20. Bc2 Qf6
21. Rcd1 Bh3 22. Rf2 Rfd8 23. Ne4 Qe7 24. f4 Ng4 25. Rf3 Nf6 26. Nxf6+ Qxf6 27.
Rf2 Rxd1+ 28. Qxd1 Rd8 29. Qc1 Be6 30. a3 Qe7 31. Be4 Bd5 32. Bg2 Bxg2 33. Kxg2
Qe4+ 34. Kg1 Rd3 35. Re2 Rd8 36. Qc2 Qxc2 37. Rxc2 f5 38. Kf2 Kf7 39. Kf3 Rd3
40. h3 Kf6 41. g4 g6 42. gxf5 gxf5 43. Rc5 Rd2 44. b4 Rh2 45. Kg3 Re2 46. Kf3
Rh2 47. Kg3 Re2 48. Kf3 Rh2 1/2-1/2

[Event "2021 FIDE Online Olympiad"]
[Site "Chess.com"]
[Date "2021.08.27"]
[Round "3.5"]
[White "Selogelo, Othata"]
[Black "Fowler, Hugo"]
[Result "0-1"]
[WhiteElo "1707"]
[BlackElo "1686"]
[PlyCount "112"]
[EventDate "2021.08.27"]
[EventType "team"]
[EventRounds "9"]
[SourceVersionDate "2018.05.14"]
[WhiteTeam "Botswana"]
[BlackTeam "Wales"]
[WhiteTeamCountry "BOT"]
[BlackTeamCountry "WLS"]

1. e4 e5 2. Nf3 Nc6 3. Bc4 Bc5 4. b4 Bb6 5. O-O d6 6. a3 Nf6 7. d3 h6 8. h3 Be6
9. Bxe6 fxe6 10. Nbd2 O-O 11. Nc4 Qe8 12. Nxb6 axb6 13. Be3 Qf7 14. Nh2 Qg6 15.
Ng4 Nh5 16. g3 Nxg3 17. fxg3 h5 18. Rxf8+ Rxf8 19. Qe2 hxg4 20. Qxg4 Qxg4 21.
hxg4 Nd4 22. Bxd4 exd4 23. Rf1 Ra8 24. Ra1 b5 25. Kf2 Kf7 26. Ke2 Kg6 27. Kd2
Kg5 28. Ke2 Kxg4 29. Rf1 Rxa3 30. Rf7 g5 31. Rg7 Rc3 32. Kd2 e5 33. Rg6 Rc6 34.
Rg7 Rc3 35. Rg6 Rc6 36. Rg7 Rb6 37. Rg6 Ra6 38. Rg7 Ra7 39. Ke2 b6 40. Kd2 Ra4
41. Rxc7 Kxg3 42. Rg7 g4 43. c4 bxc4 44. dxc4 Rxb4 45. Kd3 Kf3 46. Rf7+ Kg2 47.
Rg7 g3 48. Rg6 Kf2 49. Rf6+ Kg1 50. Rg6 g2 51. c5 dxc5 52. Rg5 Rb3+ 53. Kc2 Rf3
54. Rxe5 Kf2 55. Rg5 g1=Q 56. Rxg1 Kxg1 0-1

[Event "2021 FIDE Online Olympiad"]
[Site "Chess.com"]
[Date "2021.08.27"]
[Round "3.6"]
[White "Fraser, Susanna"]
[Black "Marape, Naledi"]
[Result "0-1"]
[WhiteElo "1428"]
[BlackElo "1629"]
[PlyCount "66"]
[EventDate "2021.08.27"]
[EventType "team"]
[EventRounds "9"]
[SourceVersionDate "2018.05.14"]
[WhiteTeam "Wales"]
[BlackTeam "Botswana"]
[WhiteTeamCountry "WLS"]
[BlackTeamCountry "BOT"]

1. d4 Nf6 2. Bf4 g6 3. Nc3 Bg7 4. e4 d6 5. Qd2 O-O 6. O-O-O Re8 7. Bh6 Bh8 8.
h4 Nbd7 9. Be2 e5 10. h5 exd4 11. Qxd4 Nxe4 12. Qc4 Nb6 13. hxg6 hxg6 14. Qb4
a5 15. Qb5 Bd7 16. Qb3 a4 17. Qb4 Nxf2 18. Nf3 Nxd1 19. Bxd1 a3 20. Bg5 axb2+
21. Kb1 f6 22. Qh4 Kf7 23. Qh7+ Bg7 24. Bh6 Rg8 25. Rf1 Qf8 26. Ng5+ Ke7 27.
Re1+ Kd8 28. Qxg6 Bxh6 29. Nf7+ Kc8 30. Qxh6 Qxf7 31. Bh5 Qg7 32. Qe3 c6 33.
Ne4 Nc4 0-1

[Event "2021 FIDE Online Olympiad"]
[Site "Chess.com"]
[Date "2021.08.28"]
[Round "4.1"]
[White "Ermeni, Avni"]
[Black "Blackburn, Jonathan L B"]
[Result "1/2-1/2"]
[WhiteElo "2201"]
[BlackElo "2195"]
[PlyCount "33"]
[EventDate "2021.08.27"]
[EventType "team"]
[EventRounds "9"]
[SourceVersionDate "2018.05.14"]
[WhiteTeam "Kosovo"]
[BlackTeam "Wales"]
[WhiteTeamCountry "KOS"]
[BlackTeamCountry "WLS"]

1. e4 d6 2. Nc3 Nf6 3. f4 c6 4. Nf3 Qa5 5. d3 e5 6. Bd2 Qc7 7. d4 exd4 8. Nxd4
Qb6 9. Nb3 a5 10. a4 Na6 11. Qf3 Be6 12. Qe3 Qxe3+ 13. Bxe3 Nb4 14. O-O-O Bxb3
15. cxb3 Be7 16. Be2 O-O 17. Bf3 1/2-1/2

[Event "2021 FIDE Online Olympiad"]
[Site "Chess.com"]
[Date "2021.08.28"]
[Round "4.2"]
[White "Toczek, Grzegorz"]
[Black "Bardhi, Valmor"]
[Result "0-1"]
[WhiteElo "2240"]
[BlackElo "2171"]
[PlyCount "100"]
[EventDate "2021.08.27"]
[EventType "team"]
[EventRounds "9"]
[SourceVersionDate "2018.05.14"]
[WhiteTeam "Wales"]
[BlackTeam "Kosovo"]
[WhiteTeamCountry "WLS"]
[BlackTeamCountry "KOS"]

1. e4 e5 2. Nf3 Nc6 3. Bb5 a6 4. Ba4 Nf6 5. O-O b5 6. Bb3 Be7 7. d3 d6 8. a3
Bg4 9. Be3 O-O 10. Nc3 Na5 11. Ba2 c5 12. h3 Bh5 13. Nd5 Nxd5 14. Bxd5 Rc8 15.
b4 Nc6 16. c3 Bf6 17. g4 Bg6 18. g5 Be7 19. Qd2 Qd7 20. Kg2 Bh5 21. Nh2 Kh8 22.
f4 exf4 23. Bxf4 Ne5 24. bxc5 Rxc5 25. d4 Nc4 26. Qd3 Rcc8 27. Nf3 Nb6 28. Bb3
Nc4 29. a4 f6 30. axb5 axb5 31. gxf6 Bxf6 32. Bg3 Bg6 33. Qe2 Rce8 34. Bc2 Qb7
35. Rae1 Bh5 36. Qd3 Na3 37. Bb3 Nc4 38. d5 Bxf3+ 39. Qxf3 Nd2 40. Qd1 Nxf1 41.
Bxd6 Be7 42. Bxe7 Qxe7 43. Rxf1 Qxe4+ 44. Kg1 Qe3+ 45. Kg2 Qxc3 46. Rxf8+ Rxf8
47. d6 Qb2+ 48. Kh1 Rf2 49. Qg1 Qe2 50. Bd1 Qe4+ 0-1

[Event "2021 FIDE Online Olympiad"]
[Site "Chess.com"]
[Date "2021.08.28"]
[Round "4.3"]
[White "Saraci, Ndriqona"]
[Black "Smith, Olivia"]
[Result "1-0"]
[WhiteElo "1225"]
[BlackElo "1957"]
[PlyCount "133"]
[EventDate "2021.08.27"]
[EventType "team"]
[EventRounds "9"]
[SourceVersionDate "2018.05.14"]
[WhiteTeam "Kosovo"]
[BlackTeam "Wales"]
[WhiteTeamCountry "KOS"]
[BlackTeamCountry "WLS"]

1. e4 e5 2. Nf3 Nf6 3. Nxe5 Qe7 4. d4 Nc6 5. Nc3 Nxe5 6. dxe5 Qxe5 7. Qd3 Bb4
8. Bd2 O-O 9. O-O-O Bxc3 10. Bxc3 Qxe4 11. Qxe4 Nxe4 12. Bd4 d6 13. Bc4 Be6 14.
Bd3 Nc5 15. Be2 a5 16. Bf3 c6 17. a3 a4 18. Bxc5 dxc5 19. Rhe1 Rfd8 20. Rxd8+
Rxd8 21. Re5 Bd5 22. Bxd5 cxd5 23. Re7 Rb8 24. Rc7 b6 25. Ra7 Kf8 26. Rxa4 Ke7
27. Ra7+ Kf6 28. Kd2 Re8 29. Rd7 d4 30. Rd6+ Re6 31. Rd5 g6 32. b4 Rc6 33. bxc5
bxc5 34. Kd3 Ke6 35. Kc4 Ra6 36. Rxc5 Rxa3 37. Kxd4 h5 38. Re5+ Kd6 39. Re2
Ra4+ 40. c4 Ra1 41. h4 Rd1+ 42. Kc3 Rb1 43. Rb2 Rf1 44. Rd2+ Kc6 45. g3 Re1 46.
Ra2 Re7 47. Ra6+ Kc5 48. Ra5+ Kc6 49. Kd4 Re2 50. Ra6+ Kd7 51. Rf6 Ke7 52. Rf3
Rc2 53. Kd5 f5 54. Re3+ Kd7 55. f4 Rc1 56. Ra3 Rg1 57. c5 Rd1+ 58. Ke5 Rc1 59.
Kf6 Rxc5 60. Kxg6 Ke6 61. Re3+ Kd7 62. Kxh5 Ra5 63. Re5 Rxe5 64. fxe5 Ke6 65.
Kg5 Kxe5 66. h5 f4 67. gxf4+ 1-0

[Event "2021 FIDE Online Olympiad"]
[Site "Chess.com"]
[Date "2021.08.28"]
[Round "4.4"]
[White "Chong, Kimberly"]
[Black "Saraci, Rinesa"]
[Result "1-0"]
[WhiteElo "1790"]
[BlackElo "1184"]
[PlyCount "135"]
[EventDate "2021.08.27"]
[EventType "team"]
[EventRounds "9"]
[SourceVersionDate "2018.05.14"]
[WhiteTeam "Wales"]
[BlackTeam "Kosovo"]
[WhiteTeamCountry "WLS"]
[BlackTeamCountry "KOS"]

1. e4 e5 2. Nf3 Nc6 3. Bc4 h6 4. O-O Nf6 5. d4 exd4 6. e5 Nh7 7. Nxd4 Be7 8.
Nf5 Rg8 9. Qd5 Nxe5 10. Qxe5 d6 11. Qf4 Bxf5 12. Qxf5 Nf6 13. Re1 d5 14. Bd3
Qd7 15. Qe5 Kd8 16. Bf5 Qd6 17. Qd4 Re8 18. Bf4 Qc5 19. Qd3 Bd6 20. Rxe8+ Kxe8
21. Bxd6 Qxd6 22. Nc3 Kf8 23. Nb5 Qc6 24. Re1 a6 25. Nd4 Qd6 26. Qf3 c5 27. Nb3
c4 28. Nd4 Rd8 29. c3 b5 30. a3 Re8 31. Re3 Rxe3 32. fxe3 Qe7 33. Nc6 Qc7 34.
Nd4 Qe7 35. Qf4 Ne4 36. Qb8+ Qe8 37. Qxe8+ Kxe8 38. Bxe4 dxe4 39. Nc6 Kd7 40.
Nb4 a5 41. Nc2 Kc6 42. Kf2 Kc5 43. Kg3 f6 44. h4 Kd5 45. Kf4 g6 46. Nd4 f5 47.
Nxb5 Kc5 48. Nc7 Kc6 49. Ne6 Kb5 50. Nf8 Ka4 51. Nxg6 Kb3 52. Ne5 Kxb2 53.
Nxc4+ Kxc3 54. Nxa5 Kb2 55. Kxf5 Kxa3 56. Kxe4 Ka4 57. Nc6 Kb5 58. Nd4+ Kc5 59.
Kf5 Kd5 60. Kg6 Ke4 61. Kxh6 Kxe3 62. Ne6 Ke4 63. g4 Ke5 64. Nf8 Kf4 65. g5 Kf5
66. g6 Kf6 67. g7 Kf7 68. Kh7 1-0

[Event "2021 FIDE Online Olympiad"]
[Site "Chess.com"]
[Date "2021.08.28"]
[Round "4.5"]
[White "Dobraj, Bleron"]
[Black "MacDonald, Duncan"]
[Result "1-0"]
[WhiteElo "1879"]
[BlackElo "1415"]
[PlyCount "141"]
[EventDate "2021.08.27"]
[EventType "team"]
[EventRounds "9"]
[SourceVersionDate "2018.05.14"]
[WhiteTeam "Kosovo"]
[BlackTeam "Wales"]
[WhiteTeamCountry "KOS"]
[BlackTeamCountry "WLS"]

1. e4 d5 2. exd5 Nf6 3. d4 Bg4 4. f3 Bf5 5. c4 c6 6. dxc6 Nxc6 7. d5 Ne5 8. Nc3
e6 9. Bf4 Ng6 10. Bg3 Bc5 11. Bd3 Bxd3 12. Qxd3 exd5 13. cxd5 O-O 14. O-O-O Rc8
15. Kb1 Bb4 16. Nge2 Qd7 17. a3 Ba5 18. Qb5 Bxc3 19. Qxd7 Nxd7 20. Nxc3 Rfd8
21. Rhe1 Nf6 22. d6 Rd7 23. Nd5 Nxd5 24. Rxd5 Rcd8 25. h4 Kf8 26. h5 Nh8 27.
Rc5 f6 28. Rc7 Nf7 29. Re7 Rxc7 30. Rxc7 Ne5 31. Rxb7 Rxd6 32. Bf4 Rd7 33. Rb8+
Kf7 34. h6 Nd3 35. hxg7 Kxg7 36. Be3 Ne1 37. Rb4 Kf7 38. Ra4 Nxg2 39. Bxa7 Ne1
40. f4 Nd3 41. Be3 Rb7 42. Bc1 Nxc1 43. Kxc1 Ke6 44. Rc4 Kd5 45. Rc2 Ke4 46.
Rc4+ Kf3 47. f5 Kg3 48. Rc6 Rf7 49. b4 h5 50. b5 h4 51. Rc8 h3 52. a4 Rg7 53.
a5 h2 54. Rh8 Kg2 55. b6 Rb7 56. Kc2 h1=Q 57. Rxh1 Kxh1 58. Kc3 Kg2 59. Kc4 Kf3
60. Kc5 Ke4 61. a6 Rh7 62. a7 Rh8 63. b7 Kxf5 64. b8=Q Rxb8 65. axb8=Q Kg4 66.
Kd4 f5 67. Ke3 Kh3 68. Kf3 Kh4 69. Qg8 Kh5 70. Kf4 Kh4 71. Qh7# 1-0

[Event "2021 FIDE Online Olympiad"]
[Site "Chess.com"]
[Date "2021.08.28"]
[Round "4.6"]
[White "Ray, Hiya"]
[Black "Recica, Jona"]
[Result "1-0"]
[WhiteElo "1542"]
[BlackElo "1000"]
[PlyCount "79"]
[EventDate "2021.08.27"]
[EventType "team"]
[EventRounds "9"]
[SourceVersionDate "2018.05.14"]
[WhiteTeam "Wales"]
[BlackTeam "Kosovo"]
[WhiteTeamCountry "WLS"]
[BlackTeamCountry "KOS"]

1. d4 d5 2. Nf3 Nf6 3. c4 c6 4. g3 Bg4 5. Bg2 Nbd7 6. Qc2 Bxf3 7. Bxf3 e5 8.
cxd5 cxd5 9. dxe5 Nxe5 10. O-O Rc8 11. Nc3 d4 12. Qa4+ Qd7 13. Qxd7+ Nfxd7 14.
Nb5 Bc5 15. Rd1 d3 16. Kg2 dxe2 17. Bxe2 O-O 18. Bf4 Rfe8 19. Rac1 a6 20. Nd6
Bxd6 21. Rxc8 Rxc8 22. Rxd6 Rc2 23. Bxe5 Rxe2 24. Rxd7 h6 25. Bc3 b5 26. Rd6 a5
27. Bxa5 Rxb2 28. a3 Kf8 29. Bb4 Ke8 30. Rb6 f5 31. Rxb5 g6 32. a4 Kd7 33. Rb6
Kc7 34. a5 g5 35. Bd6+ Kd7 36. Rxb2 Kxd6 37. a6 f4 38. a7 fxg3 39. hxg3 h5 40.
a8=Q 1-0

[Event "2021 FIDE Online Olympiad"]
[Site "Chess.com"]
[Date "2021.08.28"]
[Round "4.1"]
[White "Adu, Oladapo"]
[Black "Jere, Daniel"]
[Result "1/2-1/2"]
[WhiteElo "2327"]
[BlackElo "2397"]
[PlyCount "87"]
[EventDate "2021.08.27"]
[EventType "team"]
[EventRounds "9"]
[SourceVersionDate "2018.05.14"]
[WhiteTeam "Nigeria"]
[BlackTeam "Zambia"]
[WhiteTeamCountry "NGR"]
[BlackTeamCountry "ZAM"]

1. Nf3 Nf6 2. g3 g6 3. Bg2 Bg7 4. O-O O-O 5. d3 d6 6. e4 c5 7. Re1 Nc6 8. Nbd2
Rb8 9. a4 a6 10. Nc4 b5 11. Ne3 Ng4 12. Nd5 e6 13. Nc3 b4 14. Ne2 Qa5 15. h3
Nge5 16. Nxe5 Nxe5 17. Bg5 Qc7 18. b3 Bb7 19. Rb1 Rfe8 20. Qd2 a5 21. Bh6 Bh8
22. f4 Nc6 23. Rf1 Nd4 24. Kh2 d5 25. Nxd4 Bxd4 26. e5 Bc3 27. Qe2 c4 28. Bg5
f5 29. Rbd1 cxb3 30. cxb3 Rbc8 31. d4 Qb6 32. Qf2 Ba6 33. Rh1 Rc7 34. h4 h5 35.
Kh3 Rec8 36. Bf3 Kf7 37. Rh2 Kg8 38. Bf6 Kf7 39. Rg2 Rc6 40. Qg1 Ke8 41. Bg7
Kf7 42. Bf6 Ke8 43. Bg7 Kf7 44. Bf6 1/2-1/2

[Event "2021 FIDE Online Olympiad"]
[Site "Chess.com"]
[Date "2021.08.28"]
[Round "4.2"]
[White "Munenga, Douglas D"]
[Black "Kigigha, Bomo"]
[Result "1/2-1/2"]
[WhiteElo "2009"]
[BlackElo "2314"]
[PlyCount "127"]
[EventDate "2021.08.27"]
[EventType "team"]
[EventRounds "9"]
[SourceVersionDate "2018.05.14"]
[WhiteTeam "Zambia"]
[BlackTeam "Nigeria"]
[WhiteTeamCountry "ZAM"]
[BlackTeamCountry "NGR"]

1. e4 c5 2. Nf3 Nc6 3. d4 cxd4 4. Nxd4 Qb6 5. Nb3 Nf6 6. Nc3 e6 7. Bd3 a6 8. f4
Bb4 9. Qf3 O-O 10. Bd2 Qc7 11. a3 Be7 12. e5 Ne8 13. O-O d6 14. Qe4 g6 15. Rae1
b5 16. Qe3 Bb7 17. Qg3 Qd8 18. Qh3 Ng7 19. exd6 Qxd6 20. Ne4 Qd8 21. Ng5 h5 22.
Be3 Nf5 23. Bxf5 exf5 24. Nc5 Qc7 25. Qg3 Bf6 26. c3 Na5 27. b4 Nc4 28. Bd4
Bxd4+ 29. cxd4 Bd5 30. Re2 Rfe8 31. Rfe1 Rxe2 32. Rxe2 a5 33. h3 axb4 34. axb4
Ra3 35. Qh4 Re3 36. Rf2 Qe7 37. Kh2 Re2 38. Qg3 Qe3 39. Qxe3 Rxe3 40. Nf3 Nd6
41. Ne5 Ne4 42. Rc2 h4 43. Nf3 Nc3 44. Nxh4 Ne2 45. Nd7 Kg7 46. Ne5 Nxf4 47.
Nhf3 Ne2 48. Rc5 Bxf3 49. Nxf3 Rd3 50. Rxb5 Nxd4 51. Nxd4 Rxd4 52. Rb8 f4 53.
Kg1 Rd2 54. Rc8 Rb2 55. Rc4 g5 56. Kf1 Kg6 57. Kg1 Kh5 58. Rd4 f5 59. Rc4 Kh4
60. Rd4 Kg3 61. Rd3+ Kh4 62. Rd4 Rb3 63. Kf2 Rb2+ 64. Kg1 1/2-1/2

[Event "2021 FIDE Online Olympiad"]
[Site "Chess.com"]
[Date "2021.08.28"]
[Round "4.3"]
[White "Chukwuemeka-Ehirim, Chinyere"]
[Black "Mbatha, Constance"]
[Result "0-1"]
[WhiteElo "1818"]
[BlackElo "1705"]
[PlyCount "112"]
[EventDate "2021.08.27"]
[EventType "team"]
[EventRounds "9"]
[SourceVersionDate "2018.05.14"]
[WhiteTeam "Nigeria"]
[BlackTeam "Zambia"]
[WhiteTeamCountry "NGR"]
[BlackTeamCountry "ZAM"]

1. Nf3 d5 2. d4 Nf6 3. e3 Nc6 4. a3 e6 5. Bd3 h6 6. b3 a6 7. Bb2 Bd7 8. Ne5 Be7
9. O-O O-O 10. Nd2 Bd6 11. c4 Re8 12. Rc1 Bf8 13. Re1 Ne7 14. e4 c6 15. b4 Bc8
16. cxd5 exd5 17. h3 Be6 18. Bf1 Nxe4 19. Nxe4 dxe4 20. Rxe4 Bd5 21. Re1 Ng6
22. Nxg6 fxg6 23. Bc4 Qg5 24. Bxd5+ Qxd5 25. Rxe8 Rxe8 26. Qg4 g5 27. Qd1 Bd6
28. g3 Rf8 29. Qc2 Kh8 30. Re1 Qf3 31. Re3 Qh5 32. g4 Qf7 33. Qe2 Qf4 34. f3
Qg3+ 35. Qg2 Qf4 36. Qe2 Qf7 37. Bc1 Qf4 38. Rd3 Qxc1+ 39. Rd1 Qf4 40. Rd3 Qg3+
41. Qg2 Qf4 42. Qe2 Qf6 43. Qd2 Re8 44. Re3 Rf8 45. Rd3 Bf4 46. Qe2 Qf7 47. Kg2
Re8 48. Qc2 Bb8 49. Rd2 Qf4 50. Re2 Qg3+ 51. Kf1 Qxh3+ 52. Ke1 Qg3+ 53. Kd1
Qg1+ 54. Kd2 Qxd4+ 55. Qd3 Bf4+ 56. Kc2 Rxe2+ 0-1

[Event "2021 FIDE Online Olympiad"]
[Site "Chess.com"]
[Date "2021.08.28"]
[Round "4.4"]
[White "Simenda, Daisy"]
[Black "Ogbiyoyo, Perpetual Eloho"]
[Result "0-1"]
[WhiteElo "1502"]
[BlackElo "1792"]
[PlyCount "66"]
[EventDate "2021.08.27"]
[EventType "team"]
[EventRounds "9"]
[SourceVersionDate "2018.05.14"]
[WhiteTeam "Zambia"]
[BlackTeam "Nigeria"]
[WhiteTeamCountry "ZAM"]
[BlackTeamCountry "NGR"]

1. e4 e5 2. Nf3 Nc6 3. Bc4 Bc5 4. O-O d6 5. h3 Nf6 6. d3 h6 7. c3 O-O 8. b4 Bb6
9. a4 a5 10. b5 Ne7 11. Bb3 Ng6 12. Be3 Qe7 13. Qd2 Nh5 14. Bxb6 cxb6 15. Qe3
Qc7 16. Rc1 Nhf4 17. d4 Be6 18. c4 exd4 19. Nxd4 Qc5 20. Rc2 Rac8 21. Nd2 Qxd4
22. Qe1 Qf6 23. Nf3 Nxh3+ 24. gxh3 Qxf3 25. Rc3 Qf6 26. Rac1 Ne5 27. Qe2 Rc5
28. Kg2 Ng6 29. Kg1 Qg5+ 30. Kh2 Qf4+ 31. Kh1 Bxh3 32. Rg1 Qh4 33. Rgg3 Bf1+
0-1